Sports Quiz

Random Sports Quiz

Top XIs: TSG 1899 Hoffenheim Quiz Stats

 Plays Quiz not verified by Sporcle

Score 0/209 Timer 20:00
0 Plays Today
Season Player % Correct
2007-08Demba Ba
94%
2008-09Demba Ba
94%
2016-17Sebastian Rudy
92.1%
2016-17Niklas Süle
89.5%
2010-11Sebastian Rudy
88%
2011-12Sebastian Rudy
88%
2012-13Sebastian Rudy
88%
2013-14Sebastian Rudy
88%
2014-15Sebastian Rudy
88%
2015-16Sebastian Rudy
88%
2013-14Niklas Süle
87%
2015-16Niklas Süle
87%
2009-10Vedad Ibišević
81%
2010-11Vedad Ibišević
81%
2011-12Roberto Firmino
79%
2012-13Roberto Firmino
79%
2013-14Roberto Firmino
79%
2014-15Roberto Firmino
79%
2017-18Andrej Kramarić
76.6%
2018-19Pavel Kadeřábek
76.5%
2018-19Andrej Kramarić
76.5%
2014-15Oliver Baumann
76%
2015-16Oliver Baumann
76%
2016-17Oliver Baumann
75%
2017-18Oliver Baumann
74.5%
2012-13Kevin Volland
73%
2013-14Kevin Volland
73%
2014-15Kevin Volland
73%
2015-16Kevin Volland
73%
2016-17Andrej Kramarić
72.4%
2018-19Nico Schulz
70.6%
2017-18Mark Uth
70.2%
2017-18Pavel Kadeřábek
68.1%
2006-07Sejad Salihović
65%
2007-08Sejad Salihović
65%
2008-09Sejad Salihović
65%
2009-10Sejad Salihović
65%
2010-11Sejad Salihović
65%
2011-12Sejad Salihović
65%
2013-14Sejad Salihović
65%
2018-19Oliver Baumann
64.7%
2018-19Ádám Szalai
64.7%
2016-17Pavel Kadeřábek
64.5%
2008-09Andreas Beck
64%
2009-10Andreas Beck
64%
2010-11Andreas Beck
64%
2011-12Andreas Beck
64%
2012-13Andreas Beck
64%
2013-14Andreas Beck
64%
2014-15Andreas Beck
64%
2016-17Sandro Wagner
63.2%
2007-08Luiz Gustavo
63%
2008-09Luiz Gustavo
63%
2009-10Luiz Gustavo
63%
2010-11Luiz Gustavo
63%
2009-10Timo Hildebrand
61%
2013-14Eugen Polanski
61%
2014-15Eugen Polanski
61%
2015-16Pavel Kadeřábek
61%
2015-16Eugen Polanski
61%
2008-09Marvin Compper
59%
2009-10Marvin Compper
59%
2010-11Marvin Compper
59%
2011-12Marvin Compper
59%
2018-19Kerem Demirbay
58.8%
2016-17Kerem Demirbay
56.6%
2007-08Chinedu Obasi
56%
2008-09Chinedu Obasi
56%
2009-10Chinedu Obasi
56%
2017-18Steven Zuber
55.3%
Season Player % Correct
2007-08Carlos Eduardo
54%
2008-09Carlos Eduardo
54%
2009-10Carlos Eduardo
54%
2018-19Ermin Bičakčić
52.9%
2018-19Florian Grillitsch
52.9%
2018-19Ishak Belfodil
52.9%
2016-17Nadiem Amiri
50%
2011-12Fabian Johnson
49%
2012-13Fabian Johnson
49%
2013-14Fabian Johnson
49%
2017-18Nico Schulz
48.9%
2016-17Steven Zuber
48.7%
2010-11Tom Starke
48%
2011-12Tom Starke
48%
2012-13Koen Casteels
48%
2013-14Koen Casteels
48%
2014-15Ermin Bičakčić
46%
2015-16Ermin Bičakčić
46%
2008-09Tobias Weis
45%
2012-13Tobias Weis
45%
2014-15Pirmin Schwegler
45%
2017-18Florian Grillitsch
44.7%
2017-18Nadiem Amiri
44.7%
2011-12Jannik Vestergaard
43%
2012-13Jannik Vestergaard
43%
2013-14Jannik Vestergaard
43%
2018-19Joelinton
41.2%
2015-16Jonathan Schmid
41%
2016-17Kevin Vogt
40.8%
2017-18Kevin Vogt
40.4%
2015-16Fabian Schär
40%
2011-12Daniel Williams
39%
2012-13Daniel Williams
39%
2017-18Benjamin Hübner
38.3%
2016-17Benjamin Hübner
38.2%
2011-12Ryan Babel
38%
2007-08Ramazan Özcan
37%
2010-11Isaac Vorsah
37%
2011-12Isaac Vorsah
37%
2008-09Andreas Ibertsberger
36%
2009-10Andreas Ibertsberger
36%
2010-11Andreas Ibertsberger
36%
2015-16Jeremy Toljan
36%
2018-19Kevin Vogt
35.3%
2000-01Thorsten Müller
34.7%
2002-03Thorsten Müller
34.7%
2003-04Thorsten Müller
34.7%
2006-07Daniel Haas
31%
2007-08Per Nilsson
31%
2008-09Daniel Haas
31%
2010-11Boris Vukčević
31%
2012-13Matthieu Delpierre
29%
2014-15Tarik Elyounoussi
29%
2009-10Josip Šimunić
28%
2013-14Tobias Strobl
27%
2014-15Tobias Strobl
27%
2014-15Kim Jin-Su
27%
2015-16Tobias Strobl
27%
2007-08Matthias Jaissle
26%
2008-09Matthias Jaissle
26%
2006-07Francisco Copado
25%
2007-08Francisco Copado
25%
2006-07Christoph Janker
23%
2006-07Selim Teber
23%
2007-08Christoph Janker
23%
2012-13Joselu
23%
2006-07Tomislav Marić
22%
2007-08Zsolt Löw
21%
2009-10Christian Eichner
17%
2010-11Peniel Mlapa
17%
Season Player % Correct
2005-06Matthias Keller
16%
2006-07Matthias Keller
16%
2017-18Dennis Geiger
12.8%
2000-01Marc Rapp
11.9%
2001-02Marc Rapp
11.9%
2004-05Heiko Petersen
11.9%
2006-07Dragan Paljić
11%
2003-04Denis Bindnagel
10.9%
2004-05Denis Bindnagel
10.9%
2005-06Denis Bindnagel
10%
2006-07Denis Bindnagel
10%
2000-01Marcel Throm
9.9%
2001-02Marcel Throm
9.9%
2002-03Marcel Throm
9.9%
2003-04Marcel Throm
9.9%
2004-05Marcel Throm
9.9%
2005-06Marcel Throm
9%
2006-07Mario Göttlicher
9%
2006-07Marcel Throm
9%
2000-01Kevin Knödler
8.9%
2001-02Kevin Knödler
8.9%
2001-02Matthias Örüm
8.9%
2002-03Kevin Knödler
8.9%
2003-04Kevin Knödler
8.9%
2004-05Kevin Knödler
8.9%
2004-05Matthias Örüm
8.9%
2004-05Martin Lanig
8.9%
2004-05Sandro Cescutti
8.9%
2005-06Matthias Örüm
8%
2005-06Martin Lanig
8%
2005-06Sandro Cescutti
8%
2000-01Thorsten Thee
7.9%
2000-01Thomas Faulstich
7.9%
2000-01Matthias Born
7.9%
2000-01Christoph Teinert
7.9%
2001-02Thorsten Thee
7.9%
2001-02Thomas Faulstich
7.9%
2001-02Matthias Born
7.9%
2001-02Andreas Gaber
7.9%
2001-02Christoph Teinert
7.9%
2002-03Thorsten Thee
7.9%
2002-03Christian Daub
7.9%
2002-03Matthias Born
7.9%
2002-03Timo Böttjer
7.9%
2002-03Thomas Ollhoff
7.9%
2002-03Christoph Teinert
7.9%
2003-04Thorsten Thee
7.9%
2003-04Christian Daub
7.9%
2003-04Timo Böttjer
7.9%
2003-04Thomas Ollhoff
7.9%
2003-04Christian Möckel
7.9%
2004-05Michael Zepek
7.9%
2004-05Timo Böttjer
7.9%
2004-05Thomas Ollhoff
7.9%
2005-06Michael Zepek
7%
2005-06Timo Böttjer
7%
2000-01Guido Streichsbier
6.9%
2000-01Meik Spieler
6.9%
2001-02Stephan Sieger
6.9%
2001-02Sven Eller
6.9%
2002-03Stephan Sieger
6.9%
2003-04Jochen Endreß
6.9%
2003-04Stephan Sieger
6.9%
2004-05Nevzet Zukic
6.9%
2005-06Thomas Hillenbrand
6%
2005-06Sahr Senesie
6%
2005-06Alexander Blessin
6%
2002-03Marcus Klandt
5.9%
2000-01Uwe Andorfer
3%

You're not logged in!

Compare scores with friends on all Sporcle quizzes.
OR
Log In

Sporcle TV

Today on Sporcle TV


Watch our educational content, quiz creation guides, and fun videos on Sporcle TV.

Show Comments

Extras

Created Sep 10, 2015SourceReportNominate
Tags:1899, player, season, team, XIs

Top Quizzes Today


Score Distribution

Your Account Isn't Verified!

In order to create a playlist on Sporcle, you need to verify the email address you used during registration. Go to your Sporcle Settings to finish the process.

Report this User

Report this user for behavior that violates our Community Guidelines.

Details: